000
00237nam a22001097a 4500
082
_a
670.42 KRY'L
100
_a
KRYSIN, A,NAUMOV, I
_9
80649
245
_a
ASSEMBLY PRACTICE
260
_a
MOSCOW
_b
MIR
_c
1967
300
_a
373P
942
_c
BK
999
_c
585544
_d
585544